| 000 | 00587nam a2200193 4500 | ||
|---|---|---|---|
| 003 | OSt | ||
| 005 | 20160302151543.0 | ||
| 008 | 160302b xxu||||| |||| 00| 0 eng d | ||
| 020 | _a1853392510 | ||
| 040 | _c040a | ||
| 082 |
_a338.9 _bCUL 1995 |
||
| 245 |
_aThe cultural dimension of developmnt : _bindigenous knowledge systems / _cD. Michael Warren |
||
| 260 |
_aLondon _bIntermediate technology publishers _c1995 |
||
| 300 |
_axviii, 582p; _bill : _c12 cm |
||
| 504 | _aincludes index | ||
| 650 |
_aCultural development _96989 |
||
| 700 |
_aWarren, D. Micheal _96990 |
||
| 942 |
_2ddc _cSLOAN |
||
| 999 |
_c3139 _d3139 |
||